[Event "Bratto op 32nd"]
[Site "Bratto"]
[Date "2012.08.18"]
[Round "1"]
[White "Mirzoev, Azer"]
[Black "Gentili, Gianguido"]
[Result "1-0"]
[WhiteElo "2545"]
[BlackElo "2169"]
[PlyCount "61"]
[EventDate "2012.08.18"]
[EventType "swiss"]
[EventRounds "9"]
[EventCountry "ITA"]
[SourceTitle "CBM 150 Extra"]
[Source "ChessBase"]
[SourceDate "2012.10.19"]
[SourceVersion "1"]
[SourceVersionDate "2012.10.19"]
[SourceQuality "1"]

1. d4 Nf6 2. Nf3 e6 3. c4 Bb4+ 4. Nbd2 d5 5. a3 Bxd2+ 6. Bxd2 0-0 7. Qc2 b6 8. Bg5 Bb7 9. cxd5 Qxd5 10. e3 Nbd7 11. Bc4 Qe4 12. Qxe4 Nxe4 13. Bh4 c5 14. Rd1 Ndf6 15. dxc5 bxc5 16. 0-0 Rfd8 17. Rxd8+ Rxd8 18. Rc1 h6 19. Be2 Rd5 20. Bxf6 gxf6 21. Kf1 Kf8 22. Ke1 Ke7 23. Ng1 f5 24. Nh3 e5 25. f3 Nf6 26. Nf2 e4 27. Rc4 Re5 28. f4 Re6 29. Rxc5 Nd5 30. Nd1 Kd6 31. Ra5 1-0

[Event "Crema op 04th"]
[Site "Crema"]
[Date "2002.09.06"]
[Round "1"]
[White "Gentili, Gianguido"]
[Black "Florio, Italo"]
[Result "1-0"]
[WhiteElo "1684"]
[BlackElo "1437"]
[PlyCount "73"]
[EventDate "2002.09.06"]
[EventType "swiss"]
[EventRounds "6"]
[EventCountry "ITA"]
[SourceTitle "EXT 2007"]
[Source "ChessBase"]
[SourceDate "2006.11.23"]
[SourceVersion "1"]
[SourceVersionDate "2006.11.23"]
[SourceQuality "1"]

1. e4 d6 2. d4 g6 3. Nc3 Bg7 4. Be3 Nf6 5. f3 0-0 6. Qd2 Nbd7 7. 0-0-0 b6 8. g4 e5 9. d5 Nc5 10. h4 Bd7 11. Nge2 a5 12. Ng3 a4 13. Bh6 b5 14. Bxg7 Kxg7 15. h5 Ng8 16. Bxb5 Bxb5 17. Nxb5 Kh8 18. Kb1 Qe7 19. Rh3 Rfb8 20. c4 Rb6 21. Rdh1 g5 22. Nf5 Qd8 23. R3h2 h6 24. Qc3 Kh7 25. Rg1 Ne7 26. Ne3 f6 27. Nc2 c6 28. dxc6 Nxc6 29. Rd1 Ne7 30. Rhd2 Nc8 31. Qa3 Rc6 32. Rd5 Qe7 33. Ne3 Raa6 34. Nf5 Qf8 35. Nbxd6 Nb6 36. Rxc5 Nxc4 37. Rxc4 1-0